Normal view
MARC view
- Tripati,S.B.
Entry Personal Name
001 - CONTROL NUMBER
- control field: 6593
003 - CONTROL NUMBER IDENTIFIER
- control field: OSt
005 - DATE AND TIME OF LATEST TRANSACTION
- control field: 20180223075143.0
008 - FIXED-LENGTH DATA ELEMENTS
- fixed length control field: 180223|| aca||aabn | a|a d
040 ## - CATALOGING SOURCE
- Original cataloging agency: OSt
- Transcribing agency: OSt
100 ## - HEADING--PERSONAL NAME
- Personal name: Tripati,S.B.
670 ## - SOURCE DATA FOUND
- Source citation: Work cat.: (OSt): Tripati,S.B., ABDS Labarotary Skills Mathematics-IX, 2012